[Event "Aragon-chT Honor Gr II"]
[Site "Aragon"]
[Date "2021.05.01"]
[Round "6.4"]
[White "Vela Frago, Alberto"]
[Black "Lacruz Algarate, Alvaro"]
[Result "1/2-1/2"]
[WhiteElo "2065"]
[BlackElo "2097"]
[PlyCount "121"]
[EventDate "2021.03.13"]
[EventType "team-tourn"]
[EventRounds "7"]
[EventCountry "ESP"]
[SourceTitle "EXT 2024"]
[Source "ChessBase"]
[SourceDate "2023.10.10"]
[SourceVersion "1"]
[SourceVersionDate "2023.10.10"]
[SourceQuality "1"]
[WhiteTeam "Casablanca MyInvestor"]
[BlackTeam "Agrupacion"]
[WhiteTeamCountry "ESP"]
[BlackTeamCountry "ESP"]

1. c4 e5 2. Nc3 Nc6 3. Nf3 g6 4. d4 exd4 5. Nxd4 Bg7 6. Nxc6 bxc6 7. g3 Qe7 8. Bg2 Qb4 9. Qb3 Rb8 10. Bd2 a6 11. Qxb4 Rxb4 12. b3 Ne7 13. 0-0-0 Rb8 14. Kc2 0-0 15. e4 d6 16. Rhe1 Be6 17. f4 Rfd8 18. Bc1 c5 19. Bd2 Nc6 20. Ne2 Bg4 21. Be3 Bd4 22. h3 Bxh3 23. Bxh3 Bxe3 24. Rf1 Re8 25. Bg2 Re7 26. a3 Rbe8 27. Kd3 Bd4 28. e5 Nd8 29. Nxd4 cxd4 30. exd6 Re3+ 31. Kxd4 Rxg3 32. Bd5 cxd6 33. Rd3 Ne6+ 34. Bxe6 Rxd3+ 35. Kxd3 fxe6 36. b4 e5 37. fxe5 Rxe5 38. Kd4 Re2 39. Kd5 Rd2+ 40. Kc6 Rc2 41. Rf4 Kg7 42. Kxd6 g5 43. Rd4 h5 44. b5 axb5 45. cxb5 Rc3 46. a4 g4 47. b6 g3 48. Rd5 Rb3 49. Rxh5 Rxb6+ 50. Kc5 g2 51. Kxb6 g1Q+ 52. Rc5 Qb1+ 53. Rb5 Qg6+ 54. Ka7 Qc6 55. Rb7+ Kf8 56. a5 Qc5+ 57. Ka6 Ke8 58. Rb5 Qc8+ 59. Ka7 Qc7+ 60. Ka6 Kd8 61. Rb8+ 1/2-1/2

[Event "Almazan 1st"]
[Site "Almazan"]
[Date "2017.07.21"]
[Round "8"]
[White "Cruz Estrada, Filemon"]
[Black "Lacruz Algarate, Alvaro"]
[Result "1-0"]
[WhiteElo "2337"]
[BlackElo "2186"]
[PlyCount "73"]
[EventDate "2017.07.17"]
[EventType "swiss"]
[EventRounds "9"]
[EventCountry "ESP"]
[EventCategory "3"]
[SourceTitle "CBM 179 Extra"]
[Source "ChessBase"]
[SourceDate "2017.08.23"]
[SourceVersion "1"]
[SourceVersionDate "2017.08.23"]
[SourceQuality "1"]

1. c4 e5 2. Nc3 Nc6 3. g3 g6 4. Bg2 Bg7 5. Rb1 a5 6. a3 f5 7. d3 Nf6 8. Nf3 d6 9. 0-0 0-0 10. b4 axb4 11. axb4 h6 12. Ne1 g5 13. Nc2 f4 14. b5 Ne7 15. Nb4 Qe8 16. Nbd5 Nexd5 17. Nxd5 Nxd5 18. Bxd5+ Kh8 19. Bb2 Qh5 20. Bg2 Bh3 21. Ra1 Rxa1 22. Bxa1 g4 23. Bxb7 f3 24. exf3 gxf3 25. Re1 Bg2 26. Re4 Bf6 27. d4 Qh3 28. Re3 e4 29. Bxe4 Bg5 30. Rxf3 Bxf3 31. Bxf3 Qf5 32. Kg2 Re8 33. c5 dxc5 34. dxc5+ Bf6 35. b6 cxb6 36. cxb6 Qg6 37. Qd6 1-0

[Event "Almazan 1st"]
[Site "Almazan"]
[Date "2017.07.20"]
[Round "6"]
[White "Perez Garcia, Alejandro"]
[Black "Lacruz Algarate, Alvaro"]
[Result "1-0"]
[WhiteElo "2358"]
[BlackElo "2186"]
[PlyCount "65"]
[EventDate "2017.07.17"]
[EventType "swiss"]
[EventRounds "9"]
[EventCountry "ESP"]
[EventCategory "3"]
[SourceTitle "CBM 179 Extra"]
[Source "ChessBase"]
[SourceDate "2017.08.23"]
[SourceVersion "1"]
[SourceVersionDate "2017.08.23"]
[SourceQuality "1"]

1. d4 Nf6 2. c4 e6 3. g3 c5 4. d5 exd5 5. cxd5 b5 6. e4 Nxe4 7. Bg2 Nd6 8. Nf3 Be7 9. 0-0 0-0 10. Bf4 Bb7 11. Re1 Re8 12. Nc3 b4 13. Na4 Na6 14. Rc1 Rc8 15. Ne5 Bf8 16. Bh3 f5 17. Qh5 Bxd5 18. Rcd1 Be6 19. b3 Nb8 20. Nb2 Qf6 21. Bg5 g6 22. Qh4 Qh8 23. Bf6 Bg7 24. Bxg7 Qxg7 25. Rxd6 Bxb3 26. axb3 Rxe5 27. Rxe5 Qxe5 28. Nc4 Qe1+ 29. Bf1 Re8 30. Ne3 Qa1 31. Nd5 Re1 32. Qd8+ Kg7 33. Ne3 1-0

[Event "La Roda op 44th"]
[Site "La Roda"]
[Date "2017.04.13"]
[Round "2"]
[White "Lacruz Algarate, Alvaro"]
[Black "Burmakin, Vladimir"]
[Result "0-1"]
[WhiteElo "2121"]
[BlackElo "2518"]
[PlyCount "68"]
[EventDate "2017.04.12"]
[EventType "swiss"]
[EventRounds "9"]
[EventCountry "ESP"]
[SourceTitle "CBM 177 Extra"]
[Source "ChessBase"]
[SourceDate "2017.04.27"]
[SourceVersion "1"]
[SourceVersionDate "2017.04.27"]
[SourceQuality "1"]

1. e4 c6 2. d4 d5 3. Nd2 g6 4. Ngf3 Bg7 5. c3 Nh6 6. Bd3 0-0 7. 0-0 Nd7 8. Re1 Re8 9. Qb3 Nf6 10. a4 Qb6 11. Qa3 a5 12. e5 Nd7 13. e6 fxe6 14. Rxe6 Qd8 15. Re1 Nf7 16. c4 e5 17. cxd5 cxd5 18. dxe5 Ndxe5 19. Bb5 Bd7 20. Qc5 Rc8 21. Qxd5 Nxf3+ 22. Nxf3 Rxe1+ 23. Nxe1 Bxb5 24. Qxd8+ Rxd8 25. axb5 Rd1 26. Kf1 Bh6 27. Ke2 Rxc1 28. Rxa5 Nd6 29. Nd3 Rc2+ 30. Kf3 Kf7 31. b4 Bg7 32. b6 Rc6 33. Ra8 Rxb6 34. Rd8 Ke7 0-1

[Event "ESP-ch U16"]
[Site "Salobrena"]
[Date "2015.07.21"]
[Round "3"]
[White "Ortega Lopez, Mikel"]
[Black "Lacruz Algarate, Alvaro"]
[Result "1-0"]
[WhiteElo "2141"]
[BlackElo "2072"]
[PlyCount "51"]
[EventDate "2015.07.20"]
[EventType "swiss"]
[EventRounds "9"]
[EventCountry "ESP"]
[SourceTitle "EXT 2016"]
[Source "ChessBase"]
[SourceDate "2015.10.08"]
[SourceVersion "1"]
[SourceVersionDate "2015.10.08"]
[SourceQuality "1"]

1. e4 e6 2. d4 d5 3. Nd2 Nf6 4. e5 Nfd7 5. Bd3 c5 6. c3 Nc6 7. Ndf3 cxd4 8. cxd4 f6 9. exf6 Nxf6 10. Nh3 Bd6 11. 0-0 Qc7 12. Nhg5 0-0 13. Re1 e5 14. dxe5 Nxe5 15. Bxh7+ Kh8 16. Nh4 Nxh7 17. Rxe5 Nf6 18. Ne6 Bxe6 19. Rxe6 Bxh2+ 20. Kh1 Ne4 21. Be3 Bf4 22. Ng6+ Kg8 23. Qxd5 Bxe3 24. Re7+ Kh7 25. Nxf8+ Rxf8 26. Qxe4+ 1-0

[Event "La Roda op 42nd"]
[Site "La Roda"]
[Date "2015.04.02"]
[Round "3"]
[White "Ibanez Aullana, Jose Ramon"]
[Black "Lacruz Algarate, Alvaro"]
[Result "0-1"]
[WhiteElo "2287"]
[BlackElo "2016"]
[PlyCount "102"]
[EventDate "2015.04.01"]
[EventType "swiss"]
[EventRounds "9"]
[EventCountry "ESP"]
[SourceTitle "CBM 165 Extra"]
[Source "ChessBase"]
[SourceDate "2015.04.21"]
[SourceVersion "1"]
[SourceVersionDate "2015.04.21"]
[SourceQuality "1"]

1. d4 d5 2. c4 e6 3. Nc3 Nf6 4. Nf3 Nbd7 5. e3 Be7 6. Bd3 a6 7. e4 dxc4 8. Bxc4 b5 9. Bd3 Bb7 10. e5 Nd5 11. a4 b4 12. Nxd5 Bxd5 13. a5 c5 14. Qe2 cxd4 15. Nxd4 Nc5 16. Be3 Qc7 17. f4 Bh4+ 18. Bf2 Bxf2+ 19. Kxf2 Qa7 20. Qe3 0-0 21. Rhd1 Rfd8 22. Nc2 Bb3 23. Nxb4 Bxd1 24. Rxd1 Nxd3+ 25. Rxd3 Qb7 26. Qb6 Qxb6+ 27. axb6 Rxd3 28. Nxd3 Rb8 29. Ke3 Rxb6 30. Kd4 f6 31. Kc5 Rb3 32. Kc4 Rb5 33. b4 Kf7 34. Nc5 Rb6 35. Ne4 Rc6+ 36. Kb3 fxe5 37. fxe5 h6 38. Ka4 Rc2 39. Ka5 Ra2+ 40. Kb6 Ra4 41. Kc5 Ke7 42. Nd6 Ra2 43. Kb6 Rxg2 44. Kxa6 Ra2+ 45. Kb7 Rxh2 46. b5 g5 47. b6 g4 48. Kc6 Rc2+ 49. Kb5 g3 50. b7 Rb2+ 51. Kc6 Rxb7 0-1

[Event "Zaragoza Casablanca op 7th"]
[Site "Zaragoza"]
[Date "2013.12.26"]
[Round "1"]
[White "Lacruz Algarate, Alvaro"]
[Black "Garza Marco, Sergio"]
[Result "0-1"]
[WhiteElo "1773"]
[BlackElo "2447"]
[PlyCount "50"]
[EventDate "2013.12.26"]
[EventType "swiss"]
[EventRounds "9"]
[EventCountry "ESP"]
[SourceTitle "EXT 2015"]
[Source "ChessBase"]
[SourceDate "2014.11.20"]
[SourceVersion "1"]
[SourceVersionDate "2014.11.20"]
[SourceQuality "1"]

1. e4 d6 2. d4 Nf6 3. Nc3 g6 4. g3 Bg7 5. Bg2 0-0 6. Nge2 c6 7. 0-0 e5 8. d5 c5 9. Nb1 b5 10. b3 Nbd7 11. a4 b4 12. Nd2 Ba6 13. Re1 Ne8 14. c4 bxc3 15. Nxc3 f5 16. f3 Qa5 17. Qc2 Nb6 18. Ba3 Bh6 19. Rab1 Nd7 20. b4 cxb4 21. Bxb4 Qb6+ 22. Kh1 Rc8 23. Qa2 Bd3 24. Rb2 Bxd2 25. Rxd2 Qxb4 0-1

[Event "Benidorm New Generation U12 08th"]
[Site "Benidorm"]
[Date "2012.12.09"]
[Round "7.5"]
[White "Lacruz Algarate, Alvaro"]
[Black "Jimenez Lozano, Francisco Javier"]
[Result "0-1"]
[WhiteElo "1575"]
[BlackElo "1642"]
[PlyCount "150"]
[EventDate "2012.12.05"]
[EventType "swiss"]
[EventRounds "7"]
[EventCountry "ESP"]
[SourceTitle "EXT 2024"]
[Source "ChessBase"]
[SourceDate "2023.10.10"]
[SourceVersion "1"]
[SourceVersionDate "2023.10.10"]
[SourceQuality "1"]

1. e4 e5 2. Nf3 Nc6 3. Bc4 Bc5 4. c3 Nf6 5. d3 d6 6. Bb3 0-0 7. Nbd2 Bg4 8. h3 Bh5 9. Nf1 d5 10. Qe2 dxe4 11. dxe4 Bg6 12. Ng3 Qe7 13. 0-0 Rad8 14. Bc2 h6 15. Nh4 Rd7 16. Nhf5 Qd8 17. Qf3 Kh7 18. h4 Bxf5 19. Nxf5 Ng8 20. Qg3 g6 21. Ne3 Bxe3 22. Bxe3 f5 23. Bc5 f4 24. Qh3 Rff7 25. Rad1 Nf6 26. f3 Nh5 27. Bb3 Ng3 28. Rfe1 Rg7 29. Rd5 b6 30. Red1 Rxd5 31. Rxd5 Qf6 32. Bf2 Ne2+ 33. Kf1 Ng3+ 34. Bxg3 fxg3 35. Rd7 Rxd7 36. Qxd7+ Ne7 37. Qg4 Qf4 38. Qxf4 exf4 39. Ke2 Kg7 40. Kd3 Kf6 41. Kd4 Nc6+ 42. Kd3 Ne5+ 43. Ke2 c5 44. Bd5 g5 45. hxg5+ Kxg5 46. Be6 h5 47. b3 h4 48. Bc8 Kf6 49. Bf5 b5 50. Bc8 Ke7 51. Ba6 b4 52. cxb4 cxb4 53. Bb5 Kd6 54. Ke1 Kc5 55. Bf1 Kd4 56. Kd2 h3 57. gxh3 Nxf3+ 58. Ke2 Nh4 59. e5 Kxe5 60. Ke1 g2 61. Bxg2 Nxg2+ 62. Kf2 Nh4 63. Ke2 Kd4 64. Kf2 Kc3 65. Ke2 Kb2 66. Kd3 Kxa2 67. Ke4 f3 68. Ke3 Kxb3 69. Kf2 Kc2 70. Ke1 b3 71. Kf2 b2 72. Kg3 b1Q 73. Kf2 Kd3 74. Kg3 Qe1+ 75. Kh2 Qf2+ 0-1

[Event "Benidorm New Generation U12 08th"]
[Site "Benidorm"]
[Date "2012.12.08"]
[Round "6.6"]
[White "Zapata Caparros, Sergio"]
[Black "Lacruz Algarate, Alvaro"]
[Result "0-1"]
[WhiteElo "1654"]
[BlackElo "1575"]
[PlyCount "44"]
[EventDate "2012.12.05"]
[EventType "swiss"]
[EventRounds "7"]
[EventCountry "ESP"]
[SourceTitle "EXT 2024"]
[Source "ChessBase"]
[SourceDate "2023.10.10"]
[SourceVersion "1"]
[SourceVersionDate "2023.10.10"]
[SourceQuality "1"]

1. d4 e6 2. c4 d5 3. Nc3 Nf6 4. cxd5 exd5 5. Bg5 Be7 6. e3 Bf5 7. Qb3 Nbd7 8. Nxd5 Nxd5 9. Qxd5 Bb4+ 10. Kd1 Qxg5 11. Qxb7 Rb8 12. Qxc7 0-0 13. Qg3 Qf6 14. Nf3 Bd6 15. Qh4 Qg6 16. b3 Rfc8 17. Bc4 Rxc4 18. bxc4 Qxg2 19. Ke2 Bg4 20. Rab1 Qxf3+ 21. Kd2 Bb4+ 22. Rxb4 Rxb4 0-1

[Event "ESP-ch U12"]
[Site "Salobrena"]
[Date "2012.07.06"]
[Round "7.20"]
[White "Garcia Martin, Marta"]
[Black "Lacruz Algarate, Alvaro"]
[Result "1/2-1/2"]
[WhiteElo "1607"]
[BlackElo "1363"]
[PlyCount "74"]
[EventDate "2012.07.02"]
[EventType "swiss"]
[EventRounds "9"]
[EventCountry "ESP"]
[SourceTitle "EXT 2024"]
[Source "ChessBase"]
[SourceDate "2023.10.10"]
[SourceVersion "1"]
[SourceVersionDate "2023.10.10"]
[SourceQuality "1"]

1. e4 e6 2. d4 d5 3. exd5 exd5 4. Nf3 Bd6 5. Bd3 Ne7 6. 0-0 0-0 7. Be3 Bf5 8. c3 c6 9. Qc2 Bxd3 10. Qxd3 Ng6 11. Nbd2 Qc7 12. Rfe1 Nd7 13. Nf1 Nf4 14. Qc2 Nb6 15. b3 Nd7 16. Ng3 Nf6 17. Nf5 Ng4 18. Nxd6 Qxd6 19. Qd2 Nxe3 20. Qxe3 Ng6 21. Ne5 Rfe8 22. Qg3 f6 23. Nxg6 Qxg3 24. hxg3 hxg6 25. f3 Kf7 26. Kf2 Rad8 27. Rad1 Rxe1 28. Rxe1 Rd6 29. Re3 Re6 30. Ke2 Ke7 31. Rxe6+ Kxe6 32. Kd3 Kd6 33. a4 b6 34. b4 a5 35. bxa5 bxa5 36. c4 c5 37. Kc3 Kc6 1/2-1/2

[Event "ESP-ch U12"]
[Site "Salobrena"]
[Date "2012.07.06"]
[Round "8.15"]
[White "Lacruz Algarate, Alvaro"]
[Black "Iglesias Feijoo, Alberto"]
[Result "1-0"]
[WhiteElo "1363"]
[BlackElo "1660"]
[PlyCount "61"]
[EventDate "2012.07.02"]
[EventType "swiss"]
[EventRounds "9"]
[EventCountry "ESP"]
[SourceTitle "EXT 2024"]
[Source "ChessBase"]
[SourceDate "2023.10.10"]
[SourceVersion "1"]
[SourceVersionDate "2023.10.10"]
[SourceQuality "1"]

1. e4 e6 2. d4 d5 3. Nd2 dxe4 4. Nxe4 Nd7 5. Nf3 Ngf6 6. Nxf6+ Nxf6 7. c3 Be7 8. Ne5 0-0 9. Bd3 c6 10. Qe2 Qd5 11. 0-0 c5 12. Be3 a6 13. a4 cxd4 14. Bxd4 Bc5 15. Bc4 Qd6 16. Rad1 Bxd4 17. Rxd4 Qc7 18. Rfd1 b6 19. b3 b5 20. axb5 axb5 21. Bxb5 Nd5 22. Rc4 Qa5 23. Rxd5 exd5 24. Ra4 Qxc3 25. Rxa8 f6 26. Nf3 Qxb3 27. Rxc8 Qb1+ 28. Ne1 Rxc8 29. Qe6+ Kf8 30. Qxc8+ Ke7 31. Qd7+ 1-0

[Event "ESP-ch U12"]
[Site "Salobrena"]
[Date "2012.07.04"]
[Round "5.7"]
[White "Gimenez Aguirre, Ismael Alejo"]
[Black "Lacruz Algarate, Alvaro"]
[Result "1-0"]
[WhiteElo "1872"]
[BlackElo "1363"]
[PlyCount "51"]
[EventDate "2012.07.02"]
[EventType "swiss"]
[EventRounds "9"]
[EventCountry "ESP"]
[SourceTitle "EXT 2024"]
[Source "ChessBase"]
[SourceDate "2023.10.10"]
[SourceVersion "1"]
[SourceVersionDate "2023.10.10"]
[SourceQuality "1"]

1. e4 e6 2. d4 d5 3. Nd2 Nf6 4. e5 Nfd7 5. f4 c5 6. c3 Nc6 7. Ndf3 Qb6 8. Ne2 a5 9. g3 cxd4 10. cxd4 Be7 11. Bh3 0-0 12. 0-0 Re8 13. Kh1 Nf8 14. g4 f6 15. Ng3 Bd7 16. Nh5 fxe5 17. fxe5 Ng6 18. Qd2 Rf8 19. Nxg7 Kxg7 20. Qh6+ Kh8 21. Ng5 Rxf1+ 22. Bxf1 Nf8 23. Nxh7 Nxh7 24. Bd3 Kg8 25. Bxh7+ Kf7 26. Qg6+ 1-0